000 00629nam a2200229 4500
001 1716764
005 20180221034726.0
008 731018s1973 caua b 001 0 eng
010 _a 72091039
020 _a0817933611
040 _aDLC
_cDLC
_dDLC
041 _aeng
080 _a335.412
082 0 0 _a335.412 ROB
100 1 _a20
101 _aSHP
245 1 0 _aMarx's theory of exchange, alienation, and crisis
_c[by] Paul Craig Roberts and Matthew A. Stephenson.
350 _a$5.50
504 _aIncludes bibliographical references.
906 _a7
_bcbc
_corignew
_d2
_eopcn
_f19
_gy-gencatlg
942 _2ddc
_cBK
999 _c42991
_d42991